Представление документа в формате RUSMARC

ПолеНазваниеЗначение
  Тип записи a
  Библиографический уровень m
001 Контрольный номер UONB/MAIN/33eacf6c8127458783dd9e52a19a6c91
005 Дата корректировки 20251121115408.7
100 Данные общей обработки __
a Данные общей обработки 20230503d1974 u y0rusy0189## ca
101 Язык документа 0_
a Язык текста rus
102 Страна публикации __
a Страна публикации RU
105 Кодированные данные (монография) __
a Кодированные данные (монография) y z 000yy
200 Заглавие и сведения об ответственности 1_
a Заглавие Сборник материалов по итогам научно-исследовательских работ архитектурного факультета
e Сведения, относящиеся к заглавию ТашПИ за 1973 год
203 Вид содержания и тип средства __
a Вид содержания Текст
b Характеристика содержания визуальный
c Тип средства непосредственный
210 Выходные данные 1_
a Место издания Ташкент
c Издательство [б. и.]
d Дата издания 1974
215 Физическое описание __
a Объем 68 с.
d Формат 20 см
225 Серия 2_
a Серия Труды Ташкентского политехнического института им. Беруни
v Обозначение тома вып. 116
606 Тематические рубрики 0_
a Основная рубрика Архитектура
y Географическая подрубрика УзССР
j Формальный подзаголовок Сборники
610 Ключевые слова 0_
a Ключевые слова архитектура; архитектура Узбекистана; архитектура узбекская
686 Индексы других классификаций __
a Классификационный индекс 85.11я43
2 Код системы rubbk
710 Наименование организации. (Первичная ответственность) 02
a Организация/ юрисдикция Ташкентский политехнический институт им. Беруни
c Дополнение к наименованию Архитектурный факультет
4 Код отношения 570
712 Наименование организации (Вторичная ответственность) 02
a Организация/ юрисдикция Министерство высшего и средне специального образования УзССР
4 Код отношения 570
801 Источник записи _0
a Страна RU
b Организация Ульяновская ОНБ
c Дата составления 20230503
g Правила каталогизации RCR
801 Источник записи _1
a Страна RU
b Организация Ульяновская ОНБ
c Дата составления 20230503
g Правила каталогизации RCR
901 Тип документа __
t Тип документа m
909 Создатель записи __
a Создатель записи Шувалова
b Дата создания записи 20230503